Značková politika v marketingovej stratégii
Interpretácie značky. Trendy v oblasti značkovej politiky. Strategické riadenie značiek. Pojem privátna značka. Spotrebiteľský postoj k predajcom privátnych značiek.
Na minha lista:
| Autor principal: | |
|---|---|
| Formato: | Capítulo de Livro |
| Idioma: | eslovaco |
| Assuntos: | |
| Tags: |
Sem tags, seja o primeiro a adicionar uma tag!
|
MARC
| LEADER | 00000nla a2200000 4500 | ||
|---|---|---|---|
| 001 | 0196055 | ||
| 005 | 20240502073314.0 | ||
| 041 | 0 | |a slo | |
| 044 | |a SK | ||
| 245 | 1 | 0 | |a Značková politika v marketingovej stratégii |c Anna Hrnčiarová Turčiaková |
| 520 | |a Interpretácie značky. Trendy v oblasti značkovej politiky. Strategické riadenie značiek. Pojem privátna značka. Spotrebiteľský postoj k predajcom privátnych značiek. | ||
| 610 | 2 | 0 | |a značky |
| 610 | 2 | 0 | |a marketing |
| 610 | 2 | 0 | |a stratégia marketingová |
| 610 | 2 | 0 | |a riadenie strategické |
| 610 | 2 | 0 | |a značky maloobchodné |
| 610 | 2 | 0 | |a správanie spotrebiteľa |
| 100 | 1 | |a Hrnčiarová Turčiaková, Anna | |